Wainwrights of the Lake District - Statistics

General Stats
  • This quiz has been taken 307 times
    305 since last reset
  • The average score is 71 of 214
Answer Stats
Book Height (m) Wainwright % Correct
The Southern Fells 964 Scafell
90%
The Eastern Fells 950 Helvellyn
87%
The Southern Fells 978 Scafell Pike
83%
The Northern Fells 931 Skiddaw
82%
The Northern Fells 868 Blencathra
72%
The North Western Fells 451 Catbells
71%
The Western Fells 899 Great Gable
70%
The Southern Fells 803 Old Man of Coniston
70%
The Western Fells 801 Green Gable
59%
The Southern Fells 902 Bowfell
58%
The Far Eastern Fells 828 High Street
56%
The Eastern Fells 873 Fairfield
54%
The Western Fells 892 Pillar
54%
The Western Fells 826 Red Pike
51%
The Western Fells 755 Red Pike
51%
The Southern Fells 910 Great End
50%
The Western Fells 597 Haystacks
50%
The Eastern Fells 858 Dollywaggon Pike
49%
The Central Fells 736 Harrison Stickle
49%
The Central Fells 700 Pavey Ark
49%
The Eastern Fells 776 Red Screes
49%
The Northern Fells 865 Skiddaw Little Man
49%
The Eastern Fells 890 Catstycam
48%
The Central Fells 335 Loughrigg Fell
48%
The Central Fells 709 Pike O'Stickle
48%
The Eastern Fells 891 Nethermost Pike
47%
The North Western Fells 298 Castle Crag
46%
The Southern Fells 859 Crinkle Crags
46%
The Eastern Fells 792 Dove Crag
46%
The North Western Fells 852 Grasmoor
46%
The Far Eastern Fells 802 High Raise
46%
The Central Fells 762 High Raise
46%
The Central Fells 405 Helm Crag
45%
The Eastern Fells 656 High Pike
45%
The Northern Fells 658 High Pike
45%
The Eastern Fells 841 St Sunday Crag
45%
The Far Eastern Fells 757 Ill Bell
44%
The North Western Fells 737 Robinson
44%
The Western Fells 807 High Stile
43%
The Eastern Fells 857 Great Dodd
42%
The Eastern Fells 863 Whiteside
42%
The North Western Fells 707 Whiteside
42%
The North Western Fells 753 Dale Head
41%
The Southern Fells 885 Esk Pike
41%
The Central Fells 395 Silver How
41%
The Far Eastern Fells 576 The Nab
41%
The Southern Fells 763 Wetherlam
41%
The Northern Fells 502 Dodd
40%
The Southern Fells 783 Glaramara
40%
The North Western Fells 791 Grisedale Pike
40%
The Northern Fells 367 Latrigg
40%
The Eastern Fells 508 Low Pike
40%
The Southern Fells 709 Pike O'Blisco
40%
The Eastern Fells 883 Raise
40%
The Eastern Fells 736 Seat Sandal
40%
The Central Fells 736 Sergeant Man
40%
The Far Eastern Fells 488 Wansfell
40%
The Far Eastern Fells 778 Harter Fell
38%
The Southern Fells 654 Harter Fell
38%
The Southern Fells 807 Lingmell
38%
The Western Fells 648 Fleetwith Pike
37%
The Eastern Fells 612 Heron Pike
37%
The Western Fells 802 Kirk Fell
37%
The North Western Fells 575 Maiden Moor
37%
The Eastern Fells 675 Sheffield Pike
37%
The Far Eastern Fells 739 The Knott
37%
The Western Fells 628 Yewbarrow
37%
The Far Eastern Fells 780 Kidsty Pike
36%
The Eastern Fells 505 Little Mell Fell
36%
The Far Eastern Fells 706 Yoke
36%
The North Western Fells 468 Barf
35%
The Eastern Fells 726 Clough Head
35%
The North Western Fells 839 Crag Hill
35%
The Southern Fells 778 Dow Crag
35%
The Eastern Fells 822 Hart Crag
35%
The North Western Fells 653 High Spy
35%
The Far Eastern Fells 760 Mardale Ill Bell
35%
The Far Eastern Fells 657 Place Fell
35%
The Central Fells 461 Raven Crag
35%
The Western Fells 819 Steeple
35%
The Eastern Fells 500 Stone Arthur
35%
The Southern Fells 802 Swirl How
35%
The North Western Fells 517 Whinlatter
35%
The Eastern Fells 481 Gowbarrow Fell
34%
The Eastern Fells 537 Great Mell Fell
34%
The Northern Fells 710 Knott
34%
The Eastern Fells 843 Stybarrow Dodd
34%
The North Western Fells 455 Barrow
33%
The Northern Fells 447 Binsey
33%
The Southern Fells 323 Black Fell
33%
The North Western Fells 637 Causey Pike
33%
The Central Fells 525 Eagle Crag
33%
The Eastern Fells 442 Glenridding Dodd
33%
The Central Fells 376 Walla Crag
33%
The Eastern Fells 789 Watson's Dodd
33%
The Southern Fells 785 Allen Crags
32%
The Central Fells 680 Loft Crag
32%
The Far Eastern Fells 664 Tarn Crag
32%
The Central Fells 550 Tarn Crag
32%
The Far Eastern Fells 618 Hartsop Dodd
31%
The Western Fells 744 High Crag
31%
The North Western Fells 727 Hindscarth
31%
The Southern Fells 469 Lingmoor Fell
31%
The North Western Fells 355 Rannerdale Knotts
31%
The North Western Fells 773 Sail
31%
The Central Fells 553 Steel Fell
31%
The Far Eastern Fells 784 Thornthwaite Crag
31%
The Central Fells 723 Thunacar Knott
31%
The Central Fells 726 Ullscarf
31%
The Eastern Fells 433 Arnison Crag
30%
The Central Fells 590 Bleaberry Fell
30%
The Northern Fells 746 Carl Side
30%
The Far Eastern Fells 720 Froswick
30%
The Eastern Fells 766 Great Rigg
30%
The Southern Fells 773 Grey Friar
30%
The Far Eastern Fells 388 Hallin Fell
30%
The Central Fells 608 High Seat
30%
The Southern Fells 317 Holme Fell
30%
The Southern Fells 609 Illgill Head
30%
The Far Eastern Fells 730 Kentmere Pike
30%
The North Western Fells 552 Lord's Seat
30%
The Eastern Fells 654 Middle Dodd
30%
The Northern Fells 633 Mungrisdale Common
30%
The Southern Fells 651 Rossett Pike
30%
The Far Eastern Fells 364 Troutbeck Tongue
30%
The Northern Fells 690 Ullock Pike
30%
The Far Eastern Fells 699 Gray Crag
29%
The Far Eastern Fells 638 Grey Crag
29%
The Central Fells 515 High Tove
29%
The North Western Fells 660 Whiteless Pike
29%
The Central Fells 537 Calf Crag
28%
The Southern Fells 701 Cold Pike
28%
The Southern Fells 489 Green Crag
28%
The Southern Fells 549 Hard Knott
28%
The Western Fells 512 Mellbreak
28%
The Western Fells 841 Scoat Fell
28%
The Southern Fells 601 Seathwaite Fell
28%
The Northern Fells 673 Bakestall
27%
The Western Fells 646 Base Brown
27%
The Eastern Fells 718 Birkhouse Moor
27%
The Eastern Fells 622 Birks
27%
The Southern Fells 796 Brim Fell
27%
The Northern Fells 690 Great Calva
27%
The Northern Fells 526 Great Cockup
27%
The Eastern Fells 570 Hartsop Above How
27%
The Eastern Fells 637 Little Hart Crag
27%
The Northern Fells 734 Long Side
27%
The Southern Fells 551 Rosthwaite Fell
27%
The Far Eastern Fells 516 Sallows
27%
The Southern Fells 762 Slight Side
27%
The Central Fells 541 Blea Rigg
26%
The Northern Fells 702 Bowscale Fell
26%
The Central Fells 415 Grange Fell
26%
The Eastern Fells 756 Hart Side
26%
The Eastern Fells 519 High Hartsop Dodd
26%
The Central Fells 571 Sergeant's Crag
26%
The Far Eastern Fells 567 Angletarn Pikes
25%
The North Western Fells 581 Ard Crags
25%
The Western Fells 715 Brandreth
25%
The Northern Fells 663 Carrock Fell
25%
The Eastern Fells 450 Nab Scar
25%
The Central Fells 420 Gibson Knott
24%
The Southern Fells 785 Great Carrs
24%
The Northern Fells 715 Lonscale Fell
24%
The Western Fells 423 Low Fell
24%
The North Western Fells 359 Sale Fell
24%
The Central Fells 479 Armboth Fell
23%
The Western Fells 697 Caw Fell
23%
The Central Fells 357 High Rigg
23%
The North Western Fells 770 Hopegill Head
23%
The North Western Fells 568 Outerside
23%
The Northern Fells 522 Souther Fell
23%
The Far Eastern Fells 533 Arthur's Pike
22%
The Northern Fells 683 Bannerdale Crags
22%
The Far Eastern Fells 763 Caudale Moor
22%
The Northern Fells 651 Great Sca Fell
22%
The Western Fells 797 Haycock
22%
The Far Eastern Fells 671 Loadpot Hill
22%
The Far Eastern Fells 587 Shipman Knotts
22%
The Far Eastern Fells 483 Sour Howes
22%
The North Western Fells 772 Wandope
22%
The Southern Fells 535 Whin Rigg
22%
The Far Eastern Fells 509 Beda Fell
21%
The Far Eastern Fells 524 Bonscale Pike
21%
The Far Eastern Fells 561 Brock Crags
21%
The Western Fells 423 Buckbarrow
21%
The Western Fells 697 Grey Knotts
21%
The Far Eastern Fells 792 Rampsgill Head
21%
The Western Fells 633 Starling Dodd
21%
The North Western Fells 511 Broom Fell
20%
The Northern Fells 550 Meal Fell
20%
The Western Fells 582 Middle Fell
20%
The Western Fells 692 Seatallan
20%
The Far Eastern Fells 432 Steel Knotts
20%
The Far Eastern Fells 670 Wether Hill
20%
The Western Fells 488 Grike
19%
The North Western Fells 373 Ling Fell
19%
The Northern Fells 483 Longlands Fell
19%
The Northern Fells 586 Brae Fell
17%
The Far Eastern Fells 713 Branstree
17%
The Central Fells 450 Great Crag
17%
The North Western Fells 556 Knott Rigg
17%
The Western Fells 416 Fellbarrow
16%
The North Western Fells 672 Scar Crags
16%
The Far Eastern Fells 655 Selside Pike
16%
The Far Eastern Fells 696 Rest Dodd
15%
The Western Fells 616 Great Borne
14%
The Western Fells 475 Burnbank Fell
13%
The Western Fells 509 Hen Comb
13%
The Western Fells 573 Blake Fell
12%
The Western Fells 523 Crag Fell
12%
The North Western Fells 452 Graystones
12%
The Western Fells 526 Gavel Fell
11%
The Western Fells 541 Lank Rigg
11%
No matching quizzes found
Score Distribution
Percent of People with Each Score
Percentile by Number Answered
Your Score History
You have not taken this quiz since the last reset